Movies Quiz

Random Movies or Actor Quiz

Highest Rated Three-word Movies Quiz Stats

 Plays Quiz not verified by Sporcle

Score 0/17 Timer 04:00
0 Plays Today
Clue Movie % Correct
(Christian Bale) 2012Dark Knight Rises
91.5%
(Edward Norton) 1998American History X
90.6%
(Robin Williams) 1997Good Will Hunting
89.7%
(Natalie Portman) 2005V for Vendetta
88.2%
(Judy Garland) 1939Wizard of Oz
88%
(Marlon Brando) 1954On the Waterfront
84.6%
(Tom Hanks) 1998Saving Private Ryan
83.8%
(Matthew Modine) 1987Full Metal Jacket
77.8%
(Cary Grant) 1959North by Northwest
73.5%
Clue Movie % Correct
(Kirk Douglas) 1957Paths of Glory
44.4%
(Kristen Stewart) 2007Into the Wild
42.7%
(Orson Welles) 1958Touch of Evil
42.7%
(Leandro Firmino) 2002City of God
35%
(Spencer Tracy) 1961Judgment at Nuremberg
28.2%
(Takuya Kimura) 2004Howl's Moving Castle
26.5%
(Chika Sakamoto) 1988My Neighbor Totoro
14.5%
(Brahim Hadjadj) 1966Battle of Algiers
7.7%

You're not logged in!

Compare scores with friends on all Sporcle quizzes.
OR
Log In

Show Comments

Extras

Top Quizzes Today


Score Distribution

Your Account Isn't Verified!

In order to create a playlist on Sporcle, you need to verify the email address you used during registration. Go to your Sporcle Settings to finish the process.

Report this User

Report this user for behavior that violates our Community Guidelines.

Details: